| 000 | 00437nam a22001817a 4500 | ||
|---|---|---|---|
| 003 | CEME | ||
| 005 | 20210628205020.0 | ||
| 008 | 210203b xxu||||| |||| 00| 0 eng d | ||
| 020 | _a1-56282-628-X | ||
| 040 | _c. | ||
| 082 | _a823.008 ING | ||
| 100 |
_aIngoglia, Gina _973409 |
||
| 245 | _aThe lion king | ||
| 260 |
_aNEW YORK _bDISNEY PRESS _c1994 |
||
| 300 | _a96P | ||
| 650 |
_aENGLISH LITERATURE-STORY _973410 |
||
| 942 |
_cBK _2ddc |
||
| 999 |
_c579159 _d579159 |
||